000 00684nam a2200181 i 4500
001 176860
003 ES-MaACL
005 20250724075057.0
008 110215s1875 sp |||| | spa d
080 _a006.91
245 0 0 _aResumen de los trabajos hechos para la determinación del metro y kilogramo internacionales desde octubre de 1873 hasta mayo de 1875 /
_cpublicado por el Instituto Geográfico y Estadístico.
260 _aMadrid :
_b[s.n.],
_c1875 (
_fImp. Aribau)
300 _a80 p. ;
_c26 cm.
650 1 7 _aPesos y medidas
_2embne
_9136691
710 2 _aInstituto Geográfico y Estadístico (España)
_93892
852 _aES-MaACL
_jT-175-F-5
999 _c176860
_d176860